| 000 | 00627 a2200205 4500 | ||
|---|---|---|---|
| 001 | 60617 | ||
| 005 | 20260407155857.0 | ||
| 008 | 260407a1985 arg spa d | ||
| 003 | AR-UNSa-BCEJYS | ||
| 040 |
_aAR-UNSa-BCEJYS _bspa _cAR-UNSa-BCEJYS |
||
| 080 |
_a308 _xSociografía. Estudios descriptivos de la sociedad (cualitativos y cuantitativos) |
||
| 245 | 1 | 0 | _aVilleros y villa miseria |
| 020 | _a978-950-25-0352-3 | ||
| 264 | 1 |
_aBuenos Aires : _bCentro Editor de America Latina _c1985 |
|
| 300 |
_a101 p. _c18 cm. |
||
| 041 | _aspa | ||
| 942 | _cBK | ||
| 590 | _aniveau_biblio:m niveau_hierar:0 | ||
| 100 | 1 | _aRatier, Hugo | |
| 999 |
_c7073 _d7073 |
||